Eloy Alfaro : (Registro nro. 1500)
[ vista simple ]
| 000 -CABECERA | |
|---|---|
| Longitud fija campo de control | 01251nam a2200337Ia 4500 |
| 001 - NÚMERO DE CONTROL | |
| Número de control | 394113 |
| 003 - IDENTIFICADOR DEL NÚMERO DE CONTROL | |
| Identificador del número de control | EcQuBN |
| 005 - FECHA Y HORA DE LA ÚLTIMA TRANSACCIÓN | |
| Fecha y hora de la última transacción | 20180703162833.0 |
| 007 - CAMPO FIJO DE DESCRIPCIÓN FÍSICA--INFORMACIÓN GENERAL | |
| Campo fijo de descripción física | ta |
| 008 - DATOS DE LONGITUD FIJA--INFORMACIÓN GENERAL | |
| Códigos de información de longitud fija | 130917s1983 ec a gr 001 0 spa d |
| 040 ## - FUENTE DE LA CATALOGACIÓN | |
| Centro catalogador de origen | EcQuBN |
| 082 0# - NÚMERO DE LA CLASIFICACIÓN DECIMAL DEWEY | |
| Número de clasificación | 986.6 |
| Número de documento | D2855 |
| 084 ## - OTRO NÚMERO DE CLASIFICACIÓN | |
| Número de clasificación | FER2Lb017119 |
| Número de clasificación | NM00207 |
| 100 ## - ENTRADA PRINCIPAL--NOMBRE DE PERSONA | |
| 9 (RLIN) | 2148 |
| Nombre de persona | Deas, Malcolm, |
| Títulos u otras palabras asociadas al nombre | compilador, |
| Fechas asociadas con el nombre | 1941- |
| 245 10 - MENCIÓN DE TÍTULO | |
| Título | Eloy Alfaro : |
| Mención de responsabilidad, etc. | narraciones históricas |
| Parte restante del título | Malcolm D. Deas, compilador |
| 260 ## - PUBLICACIÓN, DISTRIBUCIÓN, ETC. (PIE DE IMPRENTA) | |
| Lugar de publicación, distribución, etc. | Quito, Ecuador : |
| Nombre del editor, distribuidor, etc. | Corporación Editora Nacional, |
| Fecha de publicación, distribución, etc. | 1983 |
| 300 ## - DESCRIPCIÓN FÍSICA | |
| Extensión | 432 páginas ; |
| Dimensiones | 21 cm |
| 336 ## - TIPO DE CONTENIDO | |
| Content type term | texto |
| Content type code | txt |
| 337 ## - TIPO DE MEDIO | |
| Media type term | no mediado |
| Media type code | n |
| 338 ## - TIPO DE PORTADOR | |
| Carrier type term | volumen |
| Carrier type code | nc |
| 490 1# - MENCIÓN DE SERIE | |
| Mención de serie | Biblioteca de Historia Ecuatoriana; |
| Número de volumen/designación secuencial | número 6 |
| 505 ## - NOTA DE CONTENIDO CON FORMATO | |
| Nota de contenido con formato preestablecido | Estudio Introductorio, por Malcolm D. Deas -- Eloy Alfaro. Escritos Históricos: Campaña de Esmeraldas. Ecuador. La Regeneración y la Restauración -- Narraciones Históricas -- Historia del Ferrocarril de Guayaquil a Quito -- Anexo: Aforismos de Alfaro |
| 590 ## - NOTA LOCAL (RLIN) | |
| Nota local | gqu |
| Nota local | bcc |
| 600 1# - PUNTO DE ACCESO ADICIONAL DE MATERIA--NOMBRE DE PERSONA | |
| 9 (RLIN) | 416 |
| Nombre de persona | Alfaro, Eloy, |
| Títulos y otros títulos asociados al nombre (R ) | Presidente del Ecuador, |
| Fechas asociadas al nombre | 1842-1912 |
| 650 #4 - PUNTO DE ACCESO ADICIONAL DE MATERIA--TÉRMINO DE MATERIA | |
| 9 (RLIN) | 13832 |
| Nombre de materia o nombre geográfico como elemento de entrada | Liberalismo |
| Subdivisión geográfica | Ecuador |
| 651 ## - PUNTO DE ACCESO ADICIONAL DE MATERIA--NOMBRE GEOGRÁFICO | |
| 9 (RLIN) | 17013 |
| Nombre geográfico | Ecuador |
| Subdivisión de materia general | Historia |
| -- | Revolución Liberal, 1895 |
| 942 ## - ELEMENTOS DE PUNTO DE ACCESO ADICIONAL (KOHA) | |
| Fuente de clasificaión o esquema | Número de Clasificación Local |
| Koha [por defecto] tipo de item | Monografía |
| Suprimido | Perdido | Fuente de clasificación o esquema | Estropeado | Restricciones de uso | No se presta | Koha Colección | Localización (Biblioteca) | Localización actual | Localización en estanterías | Fecha adquisición | Fuente de adquisición | Préstamos totales | Clasificación completa | Designación de pieza (código de barras) | Fecha última consulta | Número de ejemplar | Fecha del precio de reemplazo | Tipo de item de Koha |
|---|---|---|---|---|---|---|---|---|---|---|---|---|---|---|---|---|---|---|
| Disponible | Número de Clasificación Local | Sin daños | Acceso Restringido | No para préstamo | NELA MARTÍNEZ | Biblioteca y Archivo de la CCE | Biblioteca y Archivo de la CCE | NELA MARTÍNEZ | 22/03/2016 | Donación Nela Martínez | NM00206 | NM-00207 | 22/03/2016 | Ej.1 | 22/03/2016 | Monografía | ||
| Disponible | Número de Clasificación Local | Sin daños | Acceso Restringido | No para préstamo | Biblioteca y Archivo de la CCE | Biblioteca y Archivo de la CCE | 13/12/2017 | FER2Lb017119 | E0035130 | 13/12/2017 | Ej. 1 | 13/12/2017 | Monografía | |||||
| Disponible | Número de Clasificación Local | Sin daños | Sin restricciones de uso | Disponible para préstamo | Biblioteca y Archivo de la CCE | Biblioteca y Archivo de la CCE | 13/12/2017 | FER2Lb017119 | E0035131 | 13/12/2017 | Ej. 2 | 13/12/2017 | Monografía | |||||
| Disponible | Número de Clasificación Local | Sin daños | Sin restricciones de uso | Disponible para préstamo | Biblioteca y Archivo de la CCE | Biblioteca y Archivo de la CCE | 13/12/2017 | FER2Lb017119 | E0035132 | 13/12/2017 | Ej. 3 | 13/12/2017 | Monografía |























